ARRUPE JESUIT UNIVERSITY

CORONAVIRUS -STOP THE SPREAD - CLEAN,DISINFECT,COVER

Ethics and risk management in engineering / (Record no. 118866)

MARC details
000 -LEADER
fixed length control field 01255pam a2200301 a 4500
001 - CONTROL NUMBER
control field 4818980
003 - CONTROL NUMBER IDENTIFIER
control field ARRUPE
005 - DATE AND TIME OF LATEST TRANSACTION
control field 20150221020007.0
008 - FIXED-LENGTH DATA ELEMENTS--GENERAL INFORMATION
fixed length control field 890706s1989 mdu b 100 0 eng
010 ## - LIBRARY OF CONGRESS CONTROL NUMBER
LC control number 89037472
020 ## - INTERNATIONAL STANDARD BOOK NUMBER
International Standard Book Number 0819175641
020 ## - INTERNATIONAL STANDARD BOOK NUMBER
International Standard Book Number 081917565X (pbk.)
040 ## - CATALOGING SOURCE
Original cataloging agency DLC
Transcribing agency DLC
Modifying agency DLC
050 00 - LIBRARY OF CONGRESS CALL NUMBER
Classification number TA157
Item number .E84 1989
082 00 - DEWEY DECIMAL CLASSIFICATION NUMBER
Classification number 174/.962
Edition number 20
300 ## - PHYSICAL DESCRIPTION
Dimensions 24 cm.
245 00 - TITLE STATEMENT
Title Ethics and risk management in engineering /
Statement of responsibility, etc edited by Albert Flores.
260 ## - PUBLICATION, DISTRIBUTION, ETC. (IMPRINT)
Place of publication, distribution, etc Lanham, MD :
Name of publisher, distributor, etc University Press of America,
Date of publication, distribution, etc c1989.
300 ## - PHYSICAL DESCRIPTION
Extent viii, 262 p. ;
500 ## - GENERAL NOTE
General note Essays originally written for presentation at the Third National Conference on Engineering Ethics, convened in May 1985 in Los Angeles, Calif.
504 ## - BIBLIOGRAPHY, ETC. NOTE
Bibliography, etc Includes bibliographical references (p. 239-260).
650 #0 - SUBJECT ADDED ENTRY--TOPICAL TERM
Topical term or geographic name as entry element Engineering ethics
General subdivision Congresses.
9 (RLIN) 4465
650 #0 - SUBJECT ADDED ENTRY--TOPICAL TERM
Topical term or geographic name as entry element Risk management
General subdivision Congresses.
9 (RLIN) 4466
700 1# - ADDED ENTRY--PERSONAL NAME
Personal name Flores, Albert,
Dates associated with a name 1946-
9 (RLIN) 4467
711 2# - ADDED ENTRY--MEETING NAME
Meeting name or jurisdiction name as entry element National Conference on Engineering Ethics
Number of part/section/meeting (3rd :
Date of meeting 1985 :
Location of meeting Los Angeles, Calif.)
9 (RLIN) 4468
906 ## - LOCAL DATA ELEMENT F, LDF (RLIN)
a 7
b cbc
c orignew
d 1
e ocip
f 19
g y-gencatlg
942 ## - ADDED ENTRY ELEMENTS (KOHA)
Source of classification or shelving scheme Library of Congress Classification
Koha item type Monograph ( Printed materials)
Koha issues (borrowed), all copies 2
Holdings
Withdrawn status Lost status Source of classification or shelving scheme Damaged status Not for loan Home library Current library Shelving location Date acquired Total Checkouts Full call number Barcode Date last seen Date checked out Price effective from Koha item type
    Library of Congress Classification     ARRUPE LIBRARY ARRUPE LIBRARY Main Collection 29/11/2013 2 TA157 .E84 1989 46410381 11/09/2019 20/02/2015 29/11/2013 Monograph ( Printed materials)

 

Arrupe Library. PO Box MP320 Mt Pleasant, Harare, Zimbabwe
263 242 745411|librarian@aju.ac.zw